DIALOG 2000 C - integrovaný informační systém
Stručný popis softwarového produktu pre finančný manažment a informačné zabezpečenie výrobných a obchodných organizácií švajčiarskej spoločnosti SIMULTAN AG. Prístupný na trhu v ČR.
Salvato in:
| Natura: | Capitolo di libro |
|---|---|
| Lingua: | ceco |
| Soggetti: | |
| Tags: |
Nessun Tag, puoi essere il primo ad aggiungerne!!
|
MARC
| LEADER | 00000naa a2200000 4500 | ||
|---|---|---|---|
| 001 | r014403 | ||
| 005 | 20221214064830.1 | ||
| 041 | 0 | |a cze | |
| 044 | |a SK | ||
| 245 | 1 | 0 | |a DIALOG 2000 C - integrovaný informační systém |
| 520 | |a Stručný popis softwarového produktu pre finančný manažment a informačné zabezpečenie výrobných a obchodných organizácií švajčiarskej spoločnosti SIMULTAN AG. Prístupný na trhu v ČR. | ||
| 610 | 2 | 0 | |a systémy informačné integrované |
| 610 | 2 | 0 | |a DIALOG 2000 C |
| 610 | 2 | 0 | |a financie podnikové |
| 610 | 2 | 0 | |a účtovníctvo |
| 610 | 2 | 0 | |a odberatelia |
| 610 | 2 | 0 | |a dodávatelia |
| 610 | 2 | 0 | |a mzdy |
| 610 | 2 | 0 | |a personalistika |
| 610 | 2 | 0 | |a hospodárstvo skladové |
| 610 | 2 | 0 | |a odbyt |
| 610 | 2 | 0 | |a systémy informačné podnikové |